|
|
|
|
| LEADER |
01399nam a2200385 a 4500 |
| 001 |
000454530 |
| 003 |
CZ BrMZK |
| 005 |
20230925103527.0 |
| 007 |
ta |
| 008 |
010907s1999 xr e c 0 cze d |
| 015 |
|
|
|a cnb000784557
|
| 020 |
|
|
|a 80-86217-14-0
|
| 040 |
|
|
|a BOA001
|b cze
|
| 041 |
1 |
|
|a cze
|a eng
|
| 043 |
|
|
|a e-xr---
|
| 045 |
|
|
|a x-x-
|
| 072 |
|
7 |
|a 75
|x Malířství
|2 Konspekt
|9 21
|
| 080 |
|
|
|a 75(437.3)
|2 MRF
|
| 080 |
|
|
|a 75.036/.038
|2 MRF
|
| 080 |
|
|
|a (437.3)
|2 MRF
|
| 080 |
|
|
|a (083.824)
|2 MRF
|
| 100 |
1 |
|
|a Dostál, Martin,
|d 1962-
|7 jn20000400515
|4 aut
|
| 245 |
1 |
0 |
|a Tak daleko, tak blízko :
|b Nokia road - D1 : [katalog výstavy : dálnice D1 1.-30.11.1998, Galerie MXM 11.11.-6.12.1998 /
|c text katalogu:] Martin Dostál ; Tomáš Císařovský ... [et al.].
|
| 246 |
3 |
3 |
|a So far, so close
|
| 260 |
|
|
|a [Praha] :
|b KANT,
|c 1999
|
| 300 |
|
|
|a [16] s. :
|b barev. il. ;
|c 22 x 29 cm
|
| 500 |
|
|
|a Náz. a text též angl.
|
| 648 |
|
7 |
|a 20. století
|7 ch460558
|2 czenas
|
| 650 |
0 |
7 |
|a české malířství
|7 ph116864
|y 20. století
|2 czenas
|
| 650 |
0 |
7 |
|a moderní malířství
|7 ph122940
|z Česko
|2 czenas
|
| 655 |
|
7 |
|a katalogy výstav
|7 fd132536
|2 czenas
|
| 700 |
1 |
|
|a Císařovský, Tomáš,
|d 1962-
|7 jn19990209101
|4 ill
|4 hnr
|
| 910 |
|
|
|a BOA001
|b 4-1066.798
|
| 990 |
|
|
|a BK
|
| 996 |
6 |
|
|b 2610105784
|c 4-1066.798
|l MZK
|r Sklad / do 1 hodiny
|n 3
|p p.v.
|w 000454530
|u 000010
|a 1
|e BOA001
|j MZK50
|s P
|